| 000 | 00591nam a2200241 a 4500 | ||
|---|---|---|---|
| 001 | nice12345678 | ||
| 003 | IN_TiNIC | ||
| 005 | 20260116011406.0 | ||
| 008 | 050524s1921 laha grp 000 0 urd | ||
| 020 |
_a _c100 |
||
| 082 | 0 | 0 |
_a297.86 _bKAM |
| 100 | _aKamaluddin, Khawaja | ||
| 245 | _aSilk-E-Marwareed. | ||
| 260 |
_aLahore _bMulim Book Society _c1921 |
||
| 300 | _a312p. | ||
| 500 | _aincludes index and biblioraphy | ||
| 505 | 2 | _aBound one Volumes Part 1 & 2 | |
| 650 | _aAhmadiyyah | ||
| 700 | 1 | _aKamaluddin, Khawaja | |
| 902 | _bSRS | ||
| 942 | _cBK | ||
| 999 |
_c1108 _d1108 |
||